Snel reken quiz zo maar even tussendoor quiz 1 - Statistieken

Algemene statistieken
  • Deze quiz is 55 keer genomen
  • De gemiddelde score is 13 van 15
Antwoordstatistieken
Hint Antwoord % Correct
23 + 78 = 101
100%
78 - 23 = 55
100%
76 - 4 = 72
92%
4 + 76 = 80
92%
32 + 99 = 131
88%
153 - 19 = 134
88%
76 : 4 = 19
88%
117 + 29 = 146
85%
4 x 76 = 304
85%
128 : 4 = 32
85%
115 - 97 = 18
77%
23 x 11 = 253
77%
117 - 29 = 88
73%
234 - 119 = 115
69%
146 + 88 = 234
69%
Geen overeenkomende quizzen gevonden
Scoreverdeling
Procent van Mensen met Elke Score
Percentiel versus Aantal Correcte Antwoorden
Uw Scoregeschiedenis
U heeft deze quiz nog niet genomen